| 000 | 00829nas a2200277 4500 | ||
|---|---|---|---|
| 001 | BR2014001355 | ||
| 003 | BR-BrBNA | ||
| 005 | 20231205123739.0 | ||
| 007 | ta | ||
| 008 | 230509b bl.|||p| |||| 00| 00por d | ||
| 040 |
_aBR-BrBNA _bpor _cBiblioteca Nacional de Agricultura |
||
| 041 | _a(En) | ||
| 072 | _aH10 | ||
| 100 | 1 | _aMaia, V.C. | |
| 100 | 1 | _aConstantino, P. de A.L. | |
| 100 | 1 | _aMonteiro, R.F. | |
| 245 | 1 | _aNew gall midges (Diptera, Cecidomyiidae)associated with two species of Eugenia (Myrtaceae) | |
| 650 | _aEUGENIA | ||
| 650 | _aINSETO | ||
| 650 | _aDIPTERA | ||
| 650 | _aGALHA | ||
| 650 | _aECOLOGIA | ||
| 773 | 0 |
_tRevista Brasileira de Entomologia (Brazil) _xISSN 0085-5626 _g(Jul-Sep 2005), v. 49(3) p. 347-352 _wBR2014001355 |
|
| 909 |
_a202311 _bLúcia _c55 _dLúcia Elande |
||
| 942 |
_2AGRIS _n0 _cANA |
||
| 999 |
_c235491 _d235491 |
||